<?xml version="1.0" encoding="UTF-8"?>
<record
    xmlns:xsi="http://www.w3.org/2001/XMLSchema-instance"
    xsi:schemaLocation="http://www.loc.gov/MARC21/slim http://www.loc.gov/standards/marcxml/schema/MARC21slim.xsd"
    xmlns="http://www.loc.gov/MARC21/slim">

  <leader>02330nam a22001937a 4500</leader>
  <controlfield tag="008">151029b        xxu||||| |||| 00| 0 eng d</controlfield>
  <datafield tag="020" ind1=" " ind2=" ">
    <subfield code="a">1933107588</subfield>
  </datafield>
  <datafield tag="050" ind1=" " ind2=" ">
    <subfield code="a">RT55.M46</subfield>
  </datafield>
  <datafield tag="245" ind1=" " ind2=" ">
    <subfield code="a">Mental health nursing. /</subfield>
    <subfield code="c">edited by Jeanne Wissmann, Audrey Knippa et al.</subfield>
  </datafield>
  <datafield tag="260" ind1=" " ind2=" ">
    <subfield code="a">New York:</subfield>
    <subfield code="b">Assessment Technology Institute,</subfield>
    <subfield code="c">2007.</subfield>
  </datafield>
  <datafield tag="300" ind1=" " ind2=" ">
    <subfield code="a">vii, 399p.:</subfield>
    <subfield code="b">ill.</subfield>
    <subfield code="c">22 cm.</subfield>
  </datafield>
  <datafield tag="505" ind1=" " ind2=" ">
    <subfield code="a">Content: Foundations for mental health nursing: Mental health assessment, medical/nursing diagnoses, and mental health nursing interventions -- Legal and ethical issues in mental health nursing -- Developing and maintaining a therapeutic nurse-client relationship -- Effective communication in mental health nursing -- Understanding anxiety defense mechanisms -- Creating and maintaining a therapeutic and safe environment -- Mental health nursing in diverse practice settings -- Culturally aware mental health nursing -- Traditional nonpharmacological therapies: Psychoanalysis, Psychotherapy, and behavioral therapy -- Group and family therapy -- Stress management -- Electroconvulsive therapy -- Psychopharmacological therapies: Medications to treat anxiety disorders -- Medications to treat mood disorders: depression -- Medications to treat mood disorders: bipolar -- Medications to treat psychoses -- Medications to treat cognitive disorders: alzheimer's disease -- Medications to treat attention deficit hyperactivity disorder (ADHD) -- Psychobiologic disorders, psychiatric emergencies, and mental health nursing care of special populations: Psychobiologic disorders:  Anxiety disorders -- Somatoform disorders -- Dissociative disorders -- Eating disorders -- Mood disorders: depression -- Mood disorders: bipolar -- Schizophrenia -- Cognitive disorders -- Developmental and behavioral disorders -- Substance-related and non-substance-related dependencies -- Psychiatric emergencies: Crisis management -- Suicide -- Anger management -- Family and community violence -- Sexual assault -- Mental health nursing care of special populations: Care of those who are dying and/or grieving -- Mental health issues of the adolescent -- Mental health issues of the older adult.</subfield>
  </datafield>
  <datafield tag="700" ind1=" " ind2=" ">
    <subfield code="a">Wissmann, Jeanne</subfield>
  </datafield>
  <datafield tag="700" ind1=" " ind2=" ">
    <subfield code="a">Knippa, Audrey</subfield>
  </datafield>
  <datafield tag="700" ind1=" " ind2=" ">
    <subfield code="a">Adcock, Susan</subfield>
  </datafield>
  <datafield tag="700" ind1=" " ind2=" ">
    <subfield code="a">Knoblock, Erika</subfield>
  </datafield>
  <datafield tag="700" ind1=" " ind2=" ">
    <subfield code="a">Prater, Derek</subfield>
  </datafield>
  <datafield tag="942" ind1=" " ind2=" ">
    <subfield code="2">lcc</subfield>
    <subfield code="c">BK</subfield>
  </datafield>
  <datafield tag="999" ind1=" " ind2=" ">
    <subfield code="c">5815</subfield>
    <subfield code="d">13315</subfield>
  </datafield>
  <datafield tag="952" ind1=" " ind2=" ">
    <subfield code="0">0</subfield>
    <subfield code="1">0</subfield>
    <subfield code="2">lcc</subfield>
    <subfield code="4">0</subfield>
    <subfield code="7">0</subfield>
    <subfield code="a">WIUC-1</subfield>
    <subfield code="b">WIUC-1</subfield>
    <subfield code="c">NURS L.</subfield>
    <subfield code="d">2015-10-29</subfield>
    <subfield code="l">0</subfield>
    <subfield code="o">RT55.M46</subfield>
    <subfield code="p">NURS/207/15</subfield>
    <subfield code="r">2015-10-29 00:00:00</subfield>
    <subfield code="w">2015-10-29</subfield>
    <subfield code="y">BK</subfield>
  </datafield>
</record>
